A Practical Approach to Quality Control. (Record no. 3061)

MARC details
005 - DATE AND TIME OF LATEST TRANSACTION
control field 20250603061854.0
020 ## - INTERNATIONAL STANDARD BOOK NUMBER
International Standard Book Number 0 09 147451 5
082 ## - DEWEY DECIMAL CLASSIFICATION NUMBER
Classification number 658.562 CAP
100 ## - MAIN ENTRY--PERSONAL NAME
Author name CAPLEN, R.
245 ## - TITLE STATEMENT
Title A Practical Approach to Quality Control.
250 ## - EDITION STATEMENT
Edition statement 4th Ed
260 ## - PUBLICATION, DISTRIBUTION, ETC.
Place of publication, distribution, etc. London,
Name of publisher, distributor, etc. Business Book,
Date of publication, distribution, etc. 1982.
300 ## - PHYSICAL DESCRIPTION
Extent ix, 326p.: ill.; figure
Other physical details Index
Dimensions 21cm.
942 ## - ADDED ENTRY ELEMENTS (KOHA)
Source of classification or shelving scheme Dewey Decimal Classification
Koha item type Books
Holdings
Date last seen Total checkouts Full call number Barcode Cost, replacement price Price effective from Koha item type Lost status Source of classification or shelving scheme Damaged status Not for loan Withdrawn status Home library Current library Shelving location Date acquired Cost, normal purchase price
06/03/2025   658.562 CAP 00000010703 30000.00 06/03/2025 Books   Dewey Decimal Classification       College of Business Education Main Library College of Business Education Main Library Special Reserve Collection 01/17/1995 10000.00